Southville International School and Colleges
Your cart is empty.
  • Cart
  • Lists
    Public lists Eva Luna New books Lux_list list_1
    Your lists Log in to create your own lists
  • Log in to your account
  • Your cookies
  • Search history
Southville International School and Colleges
  • Advanced search
  • Recent comments
  • Most popular
  • Libraries

Log in to your account

Log in with GOOGLE


If you do not have an external account, but do have a local account, you can still log in:

  1. Home
  2. MARC view: Richard Wright and the library card /
Normal view MARC view ISBD view

Richard Wright and the library card / (Record no. 34651)

[ view plain ]
MARC details
000 -LEADER
fixed length control field 01258cam a2200373 a 4500
001 - CONTROL NUMBER
control field 3069464
003 - CONTROL NUMBER IDENTIFIER
control field OSt
005 - DATE AND TIME OF LATEST TRANSACTION
control field 20140310184455.0
008 - FIXED-LENGTH DATA ELEMENTS--GENERAL INFORMATION
fixed length control field 970220s1997 nyua j 000 1 eng
010 ## - LIBRARY OF CONGRESS CONTROL NUMBER
LC control number 97006847
020 ## - INTERNATIONAL STANDARD BOOK NUMBER
International Standard Book Number 0590706489
040 ## - CATALOGING SOURCE
Original cataloging agency DLC
Transcribing agency DLC
Modifying agency DLC
042 ## - AUTHENTICATION CODE
Authentication code lcac
050 00 - LIBRARY OF CONGRESS CALL NUMBER
Classification number PZ 7
Item number .M63915Ri 1998
100 1# - MAIN ENTRY--PERSONAL NAME
Personal name Miller, William,
Dates associated with a name 1959-
9 (RLIN) 28323
245 10 - TITLE STATEMENT
Title Richard Wright and the library card /
Statement of responsibility, etc William Miller ; illustrated by Gregory Christie.
250 ## - EDITION STATEMENT
Edition statement 1st ed.
260 ## - PUBLICATION, DISTRIBUTION, ETC. (IMPRINT)
Place of publication, distribution, etc New York :
Name of publisher, distributor, etc Lee & Low Books,
Date of publication, distribution, etc 1998.
300 ## - PHYSICAL DESCRIPTION
Other physical details col. ill. ;
Dimensions 25 cm.
521 ## - TARGET AUDIENCE NOTE
Target audience note
526 ## - STUDY PROGRAM INFORMATION NOTE
Reading level 700
600 10 - SUBJECT ADDED ENTRY--PERSONAL NAME
Personal name Wright, Richard,
Dates associated with a name 1908-1960
Form subdivision Juvenile fiction.
9 (RLIN) 28324
600 11 - SUBJECT ADDED ENTRY--PERSONAL NAME
Personal name Wright, Richard,
Dates associated with a name 1908-1960
Form subdivision Fiction.
9 (RLIN) 28325
650 #0 - SUBJECT ADDED ENTRY--TOPICAL TERM
Topical term or geographic name as entry element African Americans
Form subdivision Juvenile fiction.
9 (RLIN) 28326
650 #1 - SUBJECT ADDED ENTRY--TOPICAL TERM
Topical term or geographic name as entry element African Americans
Form subdivision Fiction.
9 (RLIN) 28327
650 #1 - SUBJECT ADDED ENTRY--TOPICAL TERM
Topical term or geographic name as entry element Books and reading
Form subdivision Fiction.
9 (RLIN) 28328
650 #1 - SUBJECT ADDED ENTRY--TOPICAL TERM
Topical term or geographic name as entry element Libraries
Form subdivision Fiction.
9 (RLIN) 28329
700 1# - ADDED ENTRY--PERSONAL NAME
Personal name Christie, R. Gregory,
Dates associated with a name 1971-
Relator term ill.
9 (RLIN) 28330
906 ## - LOCAL DATA ELEMENT F, LDF (RLIN)
a 7
b cbc
c orignew
d 1
e ocip
f 19
g y-gencatlg
942 ## - ADDED ENTRY ELEMENTS (KOHA)
Source of classification or shelving scheme Library of Congress Classification
Koha item type
Holdings
Withdrawn status Lost status Source of classification or shelving scheme Damaged status Home library Current library Shelving location Date acquired Total Checkouts Full call number Barcode Date last seen Copy number Price effective from Koha item type
    Library of Congress Classification   Luxembourg Library Luxembourg Library Scholastic Reading Center Section 10/11/2013   PZ 7 .M63915Ri 1998 LEX3075 04/18/2017 1 10/11/2013 Books
    Library of Congress Classification   Luxembourg Library Luxembourg Library Scholastic Reading Center Section 10/11/2013   PZ 7 .M63915Ri 1998 LEX3076 04/18/2017 2 10/11/2013 Books

Richard Wright and the library card /

APA

Miller W., Christie R. G., . (1998). Richard Wright and the library card. New York: Lee & Low Books.

Chicago

Miller William, Christie R Gregory, . 1998. Richard Wright and the library card. New York: Lee & Low Books.

Harvard

Miller W., Christie R. G., . (1998). Richard Wright and the library card. New York: Lee & Low Books.

MLA

Miller William, Christie R Gregory, . Richard Wright and the library card. New York: Lee & Low Books. 1998.

  • Place hold
  • Print
  • Cite
  • Add to your cart (remove)
  • Save record
    BIBTEX Dublin Core MARCXML MARC (non-Unicode/MARC-8) MARC (Unicode/UTF-8) MARC (Unicode/UTF-8, Standard) MODS (XML) RIS
  • More searches
    Search for this title in:
    Other Libraries (WorldCat) Other Databases (Google Scholar) Online Stores (Bookfinder.com) Open Library (openlibrary.org)

Exporting to Dublin Core...

SOUTHVILLE LIBRARY

Southville International School and Colleges Library

1281 Tropical Ave. Cor. Luxembourg St., BF Homes International, Las Pinas City

Tel. No. 8256374 / 252358 Loc. 117/146

Powered by Koha